El hombre que corrompió a una ciudad /

Guardado en:
Autor Principal: Twain, Mark
Formato: Libro
Publicado: Buenos Aires : Espasa-calpe, 1947
Edición:2a. ed.
Materias:
Etiquetas: Agregar Etiqueta
Sin Etiquetas, Sea el primero en etiquetar este registro!
LEADER 00514nam a22001935a 4500
001 CEM.cems006345
005 20060214000000.0
008 130507s1947##################000#0#####d
003 CEMS
082 0 4 |a 813.4 
100 1 |a Twain, Mark 
245 1 0 |a El hombre que corrompió a una ciudad / 
250 |a 2a. ed. 
260 |a Buenos Aires :  |b Espasa-calpe,  |c 1947 
300 |a 150 p. 
653 |a Literatura 
653 |a Novela eeuu 
653 |a Novelas 
859 |a CEMS  |b BIB. CEMS - 11 de abril  |h 813.4  |i T911-3a2  |p 8667.81  |t Ej.1